000 07774namaa22004091i 4500
003 OSt
005 20260310113505.0
008 250827s2025 ua a|||frm||| 000 0 eng d
040 _aEG-GICUC
_bara
_cEG-GICUC
_dEG-GICUC
_erda
041 0 _aara
_bara
_beng
049 _aإيداع
082 0 4 _a658
092 _a658
_221
097 _aدكتوراه‎
099 _aCai01.05.01.Ph.D.2025.شر.ت
100 0 _a،شريف محمود رجب شريف
_eإعداد.
245 1 0 _aنموذج مقترح لتحسين أداء الشركات الحاصلة على الامتياز التجاري كأحد أشكال الاستثمار الأجنبي في مصر /
_cإعداد شريف محمود رجب شريف؛ إشراف ا.د هالة محمد لبيب عنبة.
246 1 5 _aA proposed model for improving the performance of franchise companies as a form of foreign investment in egypt /
264 0 _c2025.
300 _a135 ورقة :
_bإيضاحيات ؛
_c30 سم. +
_eCD.
336 _atext
_2rda content
337 _aUnmediated
_2rdamedia
338 _avolume
_2rdacarrier
502 _aأطروحة (دكتوراه)-جامعة القاهرة، 2025.
504 _aببليوجرافيا: صفحات 125-130.
520 _aيهدف هذا البحث إلى اختبار أثر محددات الامتياز التجاري (تكوين الأعمال، تصميم العقود، الاستقلالية، والاستقرار البيئي) على أداء الشركات الحاصلة على الامتياز التجاري في مصر. بالإضافة إلى فحص أثر المتغير الوسيط "جودة العلاقة" على العلاقة بين محددات الامتياز التجاري وأداء الشركات في قطاع الأجهزة الكهربائية والإلكترونية المصرية. وذلك في إطار شامل يقدم معرفة أعمق عن الظاهرة في أدبيات التسويق. وبناء على ذلك، تم اتباع منهج البحث الاستنتاجي الوصفي ذات التصميم العرضي لاختبار فروض البحث المشتقة من النظريات، ومراجعة التراث الأدبى، ونتائج الدراسة الاستطلاعية، واستخراج مقاييس المتغيرات من الدراسات التطبيقية ذات الصلة، وتصميمها في قائمة استقصاء مهيكلة، واستخدامها لجمع البيانات من عينة غير احتمالية ميسرة من (360) مفردة من مديري الشركات الحاصلة على الامتياز التجاري. ولقد تم تحليل البيانات باستخدام أسلوب نمذجة المعادلة الهيكلية المتكامل مع برنامج الحزمة الاحصائية للعلوم الاجتماعية.أوضحت نتائج البحث وجود تأثير معنوي ايجابي لمحددات الامتياز التجاري على أداء الشركات الحاصلة على الامتياز التجاري. وكشفت النتائج عن أن بُعد تصميم العقود أعلى محددات الامتياز التجاري تأثيراً ايجابياً على أداء الشركات ، يليه تكوين الأعمال الأعلى ارتباطاً وتفسيراً للتباين في أداء الشركات الحاصلة على الامتياز، ثم الاستقلالية . كما أظهرت نتائج البحث أيضاً أن محددات الامتياز التجاري لها تأثير معنوي إيجابي على جودة العلاقة بين الشركات المانحه والحاصلة على الامتياز التجاري في مصر، وجد أن تصميم العقود أعلى عوامل الامتياز تأثيراً على جودة العلاقة بين الشركات، يليه بُعد استقلالية الشركات، ثم يليه تكوين الأعمال بين الشركات. وتؤثر جودة العلاقة بدورها على أداء الشركات الحاصلة على الامتياز التجارى فى مصر.خلصت النتائج أيضاً إلى تأكيد التأثير الوسيط المعنوي الإيجابي لجودة العلاقة في العلاقة بين محددات الامتياز وأداء الشركات الحاصلة على الامتياز. وأن بُعد تصميم العقود الأعلى تأثيراً معيارياً غير مباشر على أداء الشركات الحاصلة على الامتياز التجاري في مصر؛ يليه بُعد الاستقلالية، ثم تكوين الأعمال.
520 _aThis research aims to examine the impact of franchising determinants (business formation, contract design, independence, and environmental stability) on the performance of franchised companies in Egypt. It also examines the impact of the mediating variable, "relationship quality," on the relationship between franchising determinants and company performance in the Egyptian electrical and electronic appliances sector. This research is conducted within a comprehensive frame work that provides deeper insight into the phenomenon in the marketing literature. Accordingly, a deductive, cross-sectional research approach was adopted to test the research hypotheses derived from theories, review the literature, and analyze the results of the exploratory study. Variable measures were extracted from relevant applied studies, designed into a structured questionnaire, and used to collect data from a convenient non-probability sample of (360) managers of franchised companies. The data were analyzed using structural equation modeling integrated. The research results revealed a significant positive impact of franchise determinants on the performance of franchised companies. The results revealed that contract design is the most positively impacting determinant of franchise on company performance, Business formation is the most closely related and explains the variance in franchised companies' performance, followed by independence. The research results also showed that franchise determinants have a significant positive impact on relationship quality. Contract design is the franchise factor with the highest impact on intercompany relationship quality, followed by the independence dimension, followed by intercompany business formation. Relationship quality, in turn, affects the performance of franchised companies. The results also confirmed the positive mediating effect of relationship quality on the relationship between franchise determinants and franchisee performance. Contract design has the highest indirect standard effect on the performance of franchisee companies in Egypt, followed by independence and business formation.
530 _aصدر أيضًا كقرص مدمج.
546 _aالنص بالعربية والملخص باللغة الإنجليزية والعربية.
650 7 _aإدارة الأعمال
_2qrmak
653 0 _aالامتياز التجاري
_aمحددات الامتياز التجاري
_aأداء الشركات الحاصلة على الامتياز التجاري
700 0 _aهالة محمد لبيب عنبة
_eمشرف أطروحة.
900 _b10-04-2025
_cهالة محمد لبيب عنبة
_dجمال سيد عبدالعزيز
_dشريف عرفات عطيفة
_Uجامعة القاهرة
_Fكلية التجارة
_Dقسم إدارة الاعمال
905 _aSara
942 _2ddc
_cTH
_e21
_n0
999 _c178972